000 00982nam2a22002531 4500
001 RU\NLR\INFOCOMM4\1000537700
005 20250617050656.0
035 _a(NLR Aleph) 002470895
090 _a2337150
_c2337150
100 _a20040326d2002 |||y0rusy50 ca
101 0 _arus
102 _aRU
105 _ay |||||||||
200 1 _aИюльская горячка
_aПровинциальный Казанова
_fЕ. Сартинов
210 _d2002
_aБ. м.
461 0 _1001RU\NLR\INFOCOMM4\1000537647
_12001#$aКалейдоскоп$eФантастика. Приключение$fАссоц. Дом Печати$v2002, №3
_92336696
_cСамара
_d1991 -
_fАссоц. Дом Печати
_oФантастика. Приключение
_tКалейдоскоп
_v2002, №3
700 1 _aСартинов
_bЕ.
_4070
801 1 _aRU
_bInfoComm
_c20040326
801 0 _aRU
_bNLR
_gPSBO
852 _aNLR
_jП35/570
942 _cISSUE
980 _aNB
980 _aRUSPER